| 000 | 00516nam a2200169Ia 4500 | ||
|---|---|---|---|
| 999 |
_c8904 _d8904 |
||
| 003 | OSt | ||
| 005 | 20210810141544.0 | ||
| 008 | 151021s9999 xx 000 0 und d | ||
| 020 | _a9077073310 | ||
| 040 |
_aMMU _beng _cMMU _dMMU |
||
| 050 | _aSB 608 .H83 2005 | ||
| 245 |
_aIdentification of Crop Damage Caused by diseases pests or mineral deficiencies / _c Joep van Lidth de Jeude. |
||
| 260 |
_aNetherlands : _bAgromisa, _c 2004. |
||
| 300 |
_a77 p. : _bill. ; |
||
| 650 | _acrop damage | ||
| 942 |
_2lcc _cLOAN LOAN |
||